[Event "4. Open Ciudad de Tres Cantos 2012"]
[Site "Tres Cantos ESP"]
[Date "2012.06.21"]
[Round "1.28"]
[White "Lopez Ziegler, Carlos"]
[Black "Martin Rodriguez, Jose L"]
[Result "1-0"]
[WhiteElo "1913"]
[BlackElo "1449"]
[PlyCount "75"]
[EventDate "2012.06.21"]
[EventType "swiss"]
[EventRounds "9"]
[EventCountry "ESP"]
[Source "lmi"]
[SourceDate "2012.06.21"]

1. e4 e6 2. d4 d5 3. e5 c5 4. Nf3 Nc6 5. Bd3 Bd7 6. O-O cxd4 7. Re1 Qb6 8. a3
Nge7 9. Nbd2 Ng6 10. Nf1 Qc7 11. Qe2 Be7 12. Ng3 O-O 13. b4 a6 14. h4 Nxh4 15.
Nxh4 Qd8 16. Qh5 g6 17. Nxg6 fxg6 18. Bxg6 hxg6 19. Qxg6+ Kh8 20. Nh5 Rf7 21.
Qxf7 Qf8 22. Qg6 Qg8 23. Qxg8+ Rxg8 24. g3 d3 25. c3 Rg4 26. Nf4 Bd8 27. Nxd3
b6 28. Bf4 Ne7 29. f3 Rg7 30. a4 Nf5 31. Kg2 Bh4 32. Rh1 Kg8 33. Rh3 Bg5 34.
Bxg5 Rxg5 35. f4 Rg7 36. Kf3 Bc6 37. b5 d4+ 38. bxc6 1-0

[Event "4. Open Ciudad de Tres Cantos 2012"]
[Site "Tres Cantos ESP"]
[Date "2012.06.21"]
[Round "1.29"]
[White "Muñoz Blazquez, Jose"]
[Black "Ortega Morales, Pedro"]
[Result "0-1"]
[WhiteElo "1410"]
[BlackElo "1910"]
[PlyCount "44"]
[EventDate "2012.06.21"]
[EventType "swiss"]
[EventRounds "9"]
[EventCountry "ESP"]
[Source "lmi"]
[SourceDate "2012.06.21"]

1. e4 e5 2. Nf3 Nc6 3. Nc3 Bb4 4. Be2 Nf6 5. O-O O-O 6. d3 h6 7. Bd2 d6 8. Nd5
Bxd2 9. Nxf6+ Qxf6 10. Qxd2 Bg4 11. c3 Rad8 12. Rfd1 Rfe8 13. Ne1 Bc8 14. f3
Ne7 15. Nc2 Ng6 16. Ne3 c6 17. Rf1 Qg5 18. Rad1 Nf4 19. Kh1 d5 20. exd5 cxd5
21. Ng4 f5 22. Nf2 Qxg2# 0-1

[Event "4. Open Ciudad de Tres Cantos 2012"]
[Site "Tres Cantos ESP"]
[Date "2012.06.21"]
[Round "1.30"]
[White "Garcia De Quesada, Ignacio"]
[Black "Hernandez Ramos, Alberto"]
[Result "1-0"]
[WhiteElo "1909"]
[BlackElo "1407"]
[PlyCount "59"]
[EventDate "2012.06.21"]
[EventType "swiss"]
[EventRounds "9"]
[EventCountry "ESP"]
[Source "lmi"]
[SourceDate "2012.06.21"]

1. d4 d5 2. c4 e6 3. Nc3 Nf6 4. cxd5 exd5 5. Bg5 Be6 6. e3 Nbd7 7. Bd3 a6 8.
Nge2 c5 9. Nf4 c4 10. Bc2 Qb6 11. Rb1 Be7 12. O-O O-O 13. Kh1 h6 14. Bh4 Rfe8
15. f3 Bd6 16. Nxe6 Rxe6 17. Bf5 Rxe3 18. Bxd7 Nxd7 19. Nxd5 Qb5 20. Nxe3 Qh5
21. Nxc4 Bb8 22. Qe1 f5 23. Qe6+ Kh8 24. Qxd7 Qxh4 25. Ne5 Qh5 26. Rbc1 f4 27.
Rc8+ Kh7 28. Qd8 Bxe5 29. Rxa8 Bf6 30. Qh8+ 1-0

[Event "4. Open Ciudad de Tres Cantos 2012"]
[Site "Tres Cantos ESP"]
[Date "2012.06.21"]
[Round "1.31"]
[White "Jarne Anguita, Miguel"]
[Black "Pindado Campos, Raul"]
[Result "0-1"]
[WhiteElo "1327"]
[BlackElo "1908"]
[PlyCount "50"]
[EventDate "2012.06.21"]
[EventType "swiss"]
[EventRounds "9"]
[EventCountry "ESP"]
[Source "lmi"]
[SourceDate "2012.06.21"]

1. d4 Nf6 2. Nf3 g6 3. e3 Bg7 4. Bd3 d6 5. c4 O-O 6. O-O Nbd7 7. b3 e5 8. Nbd2
Re8 9. Qc2 Qe7 10. dxe5 Nxe5 11. Nxe5 dxe5 12. e4 Bg4 13. Bb2 Rad8 14. h3 Bxh3
15. Nf3 Bg4 16. Nxe5 Qd6 17. c5 Qe7 18. Bc4 Be6 19. Bxe6 Qxe6 20. Rad1 Rxd1 21.
Rxd1 Nh5 22. Nf3 Bxb2 23. Qxb2 Nf4 24. Rd4 Qg4 25. Kf1 Qxg2+ 0-1

[Event "4. Open Ciudad de Tres Cantos 2012"]
[Site "Tres Cantos ESP"]
[Date "2012.06.21"]
[Round "1.32"]
[White "Nuñez Miranda, Adrian"]
[Black "Jimenez Perez, Federico"]
[Result "1-0"]
[WhiteElo "1902"]
[BlackElo "1282"]
[PlyCount "79"]
[EventDate "2012.06.21"]
[EventType "swiss"]
[EventRounds "9"]
[EventCountry "ESP"]
[Source "lmi"]
[SourceDate "2012.06.21"]

1. e4 c5 2. Nf3 d6 3. c3 Nc6 4. Bd3 Nf6 5. Bc2 e5 6. Qe2 Bg4 7. d3 Be7 8. Nbd2
b5 9. h3 Bh5 10. d4 a6 11. d5 Na5 12. a4 b4 13. c4 Rb8 14. b3 O-O 15. g4 Bg6
16. Nf1 Re8 17. Ng3 Qd7 18. Nf5 Bxf5 19. gxf5 Nh5 20. Nxe5 dxe5 21. Qxh5 Bf6
22. Bg5 Bxg5 23. Qxg5 Rb6 24. Rg1 g6 25. Rd1 Rd6 26. Rd3 Qe7 27. Rdg3 Qxg5 28.
Rxg5 Nb7 29. Kd2 Kg7 30. Ke3 h6 31. R5g3 Nd8 32. h4 h5 33. f4 exf4+ 34. Kxf4
Kh6 35. e5 Rb6 36. a5 Ne6+ 37. dxe6 Rc6 38. exf7 Rd8 39. f6 Rd4+ 40. Ke3 1-0

[Event "4. Open Ciudad de Tres Cantos 2012"]
[Site "Tres Cantos ESP"]
[Date "2012.06.21"]
[Round "1.33"]
[White "Casado Izquierdo, David"]
[Black "Campos Palacios, Daniel"]
[Result "0-1"]
[WhiteElo "2115"]
[BlackElo "1896"]
[PlyCount "46"]
[EventDate "2012.06.21"]
[EventType "swiss"]
[EventRounds "9"]
[EventCountry "ESP"]
[Source "lmi"]
[SourceDate "2012.06.21"]

1. e4 c5 2. Nf3 e6 3. c3 Nf6 4. e5 Nd5 5. Bc4 Nb6 6. Bb3 c4 7. Bc2 Nc6 8. d4
cxd3 9. Qxd3 d6 10. Bg5 Qc7 11. Na3 a6 12. O-O-O d5 13. Be3 Bd7 14. Nb1 h6 15.
Nbd2 O-O-O 16. Rhe1 Kb8 17. Bf4 Be7 18. Nd4 Nxd4 19. cxd4 Rc8 20. Kb1 Bb5 21.
Qb3 Ba4 22. Qc3 Bxc2+ 23. Kxc2 Qd7 0-1

[Event "4. Open Ciudad de Tres Cantos 2012"]
[Site "Tres Cantos ESP"]
[Date "2012.06.21"]
[Round "1.34"]
[White "Montoya Pecurul, Marc"]
[Black "Fernandez Muñoz, Emiliano"]
[Result "0-1"]
[WhiteElo "1892"]
[BlackElo "2050"]
[PlyCount "88"]
[EventDate "2012.06.21"]
[EventType "swiss"]
[EventRounds "9"]
[EventCountry "ESP"]
[Source "lmi"]
[SourceDate "2012.06.21"]

1. e4 Nc6 2. Nf3 d6 3. Bb5 Nf6 4. Nc3 a6 5. Bxc6+ bxc6 6. O-O g6 7. d4 Bg7 8.
Bf4 O-O 9. Re1 Rb8 10. Na4 Bb7 11. c4 Nd7 12. Rc1 Nb6 13. c5 Nc8 14. Qd2 Re8
15. e5 Qd7 16. Bh6 e6 17. Bxg7 Kxg7 18. Re4 Ne7 19. Qg5 Ng8 20. Rh4 dxe5 21.
Qxe5+ f6 22. Qg3 Rbd8 23. Nc3 Re7 24. h3 Qe8 25. Re1 Qf7 26. Ne2 Nh6 27. Re4
Nf5 28. Qg4 Bc8 29. Nf4 Kh8 30. Nh4 Nxh4 31. Qxh4 g5 32. Qh6 gxf4 33. Rxf4 Rf8
34. Re3 Qg7 35. Qh4 e5 36. Rg3 Qf7 37. dxe5 Rxe5 38. Rgf3 Re6 39. Qh6 Qg7 40.
Qh4 Qg6 41. Rg3 Re1+ 42. Kh2 Qb1 43. Rgf3 Rh1+ 44. Kg3 Qg6+ 0-1

[Event "4. Open Ciudad de Tres Cantos 2012"]
[Site "Tres Cantos ESP"]
[Date "2012.06.21"]
[Round "1.35"]
[White "Perez Vazquez, Manuel"]
[Black "Camarero Izquierdo, Juan Carlos"]
[Result "0-1"]
[WhiteElo "1734"]
[BlackElo "1890"]
[PlyCount "84"]
[EventDate "2012.06.21"]
[EventType "swiss"]
[EventRounds "9"]
[EventCountry "ESP"]
[Source "lmi"]
[SourceDate "2012.06.21"]

1. d4 f5 2. c4 e6 3. g3 Nf6 4. Bg2 d5 5. Nf3 c6 6. Nc3 Ne4 7. O-O Bd6 8. Qc2
O-O 9. c5 Be7 10. Ne5 Nd7 11. Nxd7 Bxd7 12. f3 Nf6 13. Bf4 a5 14. a3 Be8 15. b4
Nd7 16. Rfb1 g5 17. Bd2 f4 18. Qd3 Bg6 19. e4 fxe3 20. Qxe3 Bxb1 21. Qxe6+ Kh8
22. Rxb1 Bf6 23. Qg4 b6 24. Bh3 Ra7 25. Ne2 Qe8 26. Kf1 Qg6 27. Rc1 bxc5 28.
bxc5 Re8 29. Qf5 Qg7 30. Qd3 Nf8 31. Bg4 Ne6 32. Bxe6 Rxe6 33. Rb1 Ra8 34. Bxa5
Rae8 35. Rb2 h5 36. Bc3 Qe7 37. Ng1 Re3 38. Qd2 g4 39. f4 Qe4 40. a4 Rd3 41.
Qc1 Bxd4 42. Re2 Rxc3 0-1

[Event "4. Open Ciudad de Tres Cantos 2012"]
[Site "Tres Cantos ESP"]
[Date "2012.06.22"]
[Round "2.1"]
[White "Rausis, Igor"]
[Black "Lopez Ziegler, Carlos"]
[Result "1-0"]
[WhiteElo "2514"]
[BlackElo "1913"]
[PlyCount "71"]
[EventDate "2012.06.21"]
[EventType "swiss"]
[EventRounds "9"]
[EventCountry "ESP"]
[Source "lmi"]
[SourceDate "2012.06.21"]

1. c4 Nf6 2. Nf3 e6 3. g3 d5 4. d4 Be7 5. Bg2 Nbd7 6. Qc2 O-O 7. O-O dxc4 8.
Nbd2 c5 9. Nxc4 b5 10. Nce5 Bb7 11. Nxd7 Nxd7 12. Ng5 Bxg5 13. Bxb7 Rb8 14.
Bxg5 Qxg5 15. Bc6 Nf6 16. h4 Qf5 17. Qxf5 exf5 18. d5 Rfd8 19. Rfc1 c4 20. b3
f4 21. gxf4 Nxd5 22. Bxd5 Rxd5 23. bxc4 bxc4 24. Rxc4 g6 25. Rc2 Rb4 26. e3 Ra4
27. Rb1 Rda5 28. Rbb2 Kg7 29. Kg2 h6 30. Kg3 Ra3 31. Rd2 Kf6 32. Rb7 Rxa2 33.
Rdd7 Ra6 34. h5 gxh5 35. Rxf7+ Kg6 36. f5+ 1-0

[Event "4. Open Ciudad de Tres Cantos 2012"]
[Site "Tres Cantos ESP"]
[Date "2012.06.22"]
[Round "2.2"]
[White "Ortega Morales, Pedro"]
[Black "Renteria, Jorge"]
[Result "0-1"]
[WhiteElo "1910"]
[BlackElo "2326"]
[PlyCount "98"]
[EventDate "2012.06.21"]
[EventType "swiss"]
[EventRounds "9"]
[EventCountry "ESP"]
[Source "lmi"]
[SourceDate "2012.06.21"]

1. d4 c5 2. c3 e6 3. Bf4 Qb6 4. Na3 d5 5. e3 Bd7 6. Qb3 c4 7. Qxb6 axb6 8. Nc2
b5 9. Bxb8 Rxb8 10. a3 f6 11. g3 Ne7 12. Bg2 Nc6 13. Nf3 Bd6 14. O-O g5 15.
Rfe1 g4 16. Nh4 f5 17. Bf1 Ne7 18. Ng2 Kf7 19. Nf4 h5 20. Rad1 h4 21. Bg2 Rh6
22. Rf1 Bc6 23. Nb4 Rbh8 24. f3 gxf3 25. Rxf3 Ng8 26. Nxc6 bxc6 27. a4 b4 28.
cxb4 Bxb4 29. gxh4 Rxh4 30. Rh3 Rxh3 31. Nxh3 Nf6 32. Nf2 c5 33. h3 Ra8 34. Ra1
Bd2 35. Nd1 cxd4 36. exd4 Nd7 37. Kf2 Nb6 38. Ke2 Bb4 39. Nc3 Bxc3 40. bxc3
Rxa4 41. Rxa4 Nxa4 42. Kd2 Kg6 43. Bf3 Kg5 44. Bd1 Nb2 45. Be2 Kh4 46. Bf1 Kg3
47. Be2 f4 48. Bg4 f3 49. Ke1 Nd3+ 0-1

[Event "4. Open Ciudad de Tres Cantos 2012"]
[Site "Tres Cantos ESP"]
[Date "2012.06.22"]
[Round "2.3"]
[White "Adan Bermudez, Sergio"]
[Black "Garcia De Quesada, Ignacio"]
[Result "1/2-1/2"]
[WhiteElo "2320"]
[BlackElo "1909"]
[PlyCount "146"]
[EventDate "2012.06.21"]
[EventType "swiss"]
[EventRounds "9"]
[EventCountry "ESP"]
[Source "lmi"]
[SourceDate "2012.06.21"]

1. c4 e5 2. g3 Nc6 3. Bg2 g6 4. Nc3 Bg7 5. Rb1 a5 6. a3 Nge7 7. b4 axb4 8. axb4
O-O 9. e3 d6 10. b5 Nb8 11. Nge2 Nd7 12. O-O f5 13. d4 e4 14. Qb3 Kh8 15. Bd2
c5 16. bxc6 bxc6 17. Nf4 Rb8 18. Qa2 Rxb1 19. Rxb1 Nf6 20. h4 h6 21. Qa7 Qd7
22. Qa3 Kh7 23. d5 Qc7 24. dxc6 Qxc6 25. Bf1 g5 26. hxg5 hxg5 27. Nfd5 Nexd5
28. cxd5 Nxd5 29. Bb5 Qb7 30. Bc4 Nb6 31. Ba2 Qc6 32. Qb4 Bxc3 33. Qxc3 Qxc3
34. Bxc3 Na4 35. Bd4 Nc5 36. Rb6 Be6 37. Bb1 Rd8 38. Kg2 Bd5 39. Bf6 Rd7 40.
Bc2 Kg6 41. Be5 Nb7 42. Ba4 Rd8 43. Bb5 Kf7 44. Bd4 Ke6 45. Ba6 Rd7 46. Kf1 Rc7
47. Kg1 Nc5 48. Bb5 Nd7 49. Ra6 Bc4 50. Bxc4+ Rxc4 51. Ra5 Nc5 52. Rb5 Nd3 53.
g4 Nc5 54. gxf5+ Kxf5 55. Kg2 Kg4 56. Bf6 Rc2 57. Be7 Rd2 58. Ra5 Kh5 59. Bxd6
Rxd6 60. Rxc5 Re6 61. Rc4 Kg4 62. Rc8 Re5 63. Rh8 Re6 64. Rh3 Rf6 65. Rg3+ Kh4
66. Kf1 Rf3 67. Rxf3 exf3 68. Kg1 Kh3 69. Kf1 Kg4 70. Kg1 Kh3 71. Kh1 g4 72. e4
g3 73. Kg1 gxf2+ 1/2-1/2

[Event "4. Open Ciudad de Tres Cantos 2012"]
[Site "Tres Cantos ESP"]
[Date "2012.06.22"]
[Round "2.4"]
[White "Pastor Alonso De Prado, Alberto"]
[Black "Nuñez Miranda, Adrian"]
[Result "1/2-1/2"]
[WhiteElo "2191"]
[BlackElo "1902"]
[PlyCount "117"]
[EventDate "2012.06.21"]
[EventType "swiss"]
[EventRounds "9"]
[EventCountry "ESP"]
[Source "lmi"]
[SourceDate "2012.06.21"]

1. e4 d6 2. d4 Nf6 3. Nc3 e5 4. Nf3 Nbd7 5. Bc4 Be7 6. O-O O-O 7. Re1 c6 8. a4
a5 9. b3 exd4 10. Qxd4 Ne5 11. Be2 Nxf3+ 12. Bxf3 Bg4 13. Re3 Bxf3 14. Rxf3 Nd7
15. Bf4 Nc5 16. Bg3 Bf6 17. e5 Ne6 18. Qe3 Bxe5 19. Bxe5 dxe5 20. Qxe5 Qd4 21.
Qg3 Rad8 22. Rd3 Qf4 23. Rad1 Qxg3 24. fxg3 Rxd3 25. Rxd3 Rd8 26. Rxd8+ Nxd8
27. Kf2 Kf8 28. Ke3 Ke7 29. Ne4 Ne6 30. Kd3 f5 31. Nd2 b5 32. h3 Kd6 33. axb5
cxb5 34. c4 Nc5+ 35. Kd4 a4 36. b4 Ne4 37. Nb1 Nxg3 38. Nc3 bxc4 39. Nxa4 Ne2+
40. Ke3 Nc1 41. Kd4 Ne2+ 42. Kxc4 Nf4 43. g3 Nxh3 44. Nc3 g5 45. Kb5 Nf2 46.
Ka6 h5 47. Ne2 h4 48. gxh4 gxh4 49. b5 Nd3 50. b6 h3 51. Ng3 f4 52. Ne4+ Kc6
53. b7 Nb4+ 54. Ka5 Kxb7 55. Kxb4 Kc6 56. Kc4 Kd7 57. Kd3 h2 58. Nf2 Ke6 59.
Ke4 1/2-1/2

[Event "4. Open Ciudad de Tres Cantos 2012"]
[Site "Tres Cantos ESP"]
[Date "2012.06.22"]
[Round "2.5"]
[White "Pindado Campos, Raul"]
[Black "Fernandez Blazquez, Diego"]
[Result "0-1"]
[WhiteElo "1908"]
[BlackElo "2185"]
[PlyCount "158"]
[EventDate "2012.06.21"]
[EventType "swiss"]
[EventRounds "9"]
[EventCountry "ESP"]
[Source "lmi"]
[SourceDate "2012.06.21"]

1. d4 Nf6 2. c4 g6 3. Nc3 d5 4. cxd5 Nxd5 5. e4 Nxc3 6. bxc3 Bg7 7. Bc4 c5 8.
Ne2 Nc6 9. Be3 O-O 10. O-O Bg4 11. f3 Na5 12. Bxf7+ Rxf7 13. fxg4 Rxf1+ 14.
Kxf1 cxd4 15. cxd4 e5 16. d5 Nc4 17. Qd3 b5 18. Kg1 Qa5 19. h4 Bf8 20. h5 Qa3
21. Qxa3 Bxa3 22. Bf2 a5 23. Rd1 Rc8 24. Rd3 Bd6 25. Nc3 Rb8 26. Kf1 a4 27. Ke2
Nb2 28. Rf3 b4 29. Rf6 Be7 30. Re6 Kf7 31. Nb1 Rc8 32. Rc6 Rxc6 33. dxc6 Ke6
34. Nd2 b3 35. axb3 a3 36. b4 Bxb4 37. Nb3 Kd6 38. Be1 Bxe1 39. Kxe1 Kxc6 40.
Kd2 Kb5 41. hxg6 hxg6 42. Kc2 Kb4 43. Nc1 Nc4 44. Na2+ Kc5 45. Kc3 Nb2 46. Kc2
Kd4 47. Nc3 Nc4 48. Kb3 Nd2+ 49. Kc2 Nxe4 50. Nb5+ Ke3 51. Nxa3 Nd6 52. Kd1 Kf2
53. Nc2 e4 54. Nd4 e3 55. g3 Ne4 56. Ne2 g5 57. Nd4 Nxg3 58. Nc2 e2+ 59. Kd2
Nf1+ 60. Kd3 e1=Q 61. Nxe1 Kxe1 62. Ke4 Nd2+ 63. Ke3 Kd1 64. Kf2 Kc2 65. Ke3
Kc3 66. Ke2 Ne4 67. Ke3 Nf6 68. Kf3 Kd3 69. Kg3 Ke3 70. Kh3 Kf3 71. Kh2 Nxg4+
72. Kh3 Nf6 73. Kh2 g4 74. Kg1 Kg3 75. Kh1 Kf2 76. Kh2 g3+ 77. Kh1 g2+ 78. Kh2
g1=Q+ 79. Kh3 Qg3# 0-1

[Event "4. Open Ciudad de Tres Cantos 2012"]
[Site "Tres Cantos ESP"]
[Date "2012.06.22"]
[Round "2.6"]
[White "Rivera Leon, Mauro Arturo"]
[Black "Fernandez Gil, Ruben Carlos"]
[Result "1/2-1/2"]
[WhiteElo "2097"]
[BlackElo "1888"]
[PlyCount "74"]
[EventDate "2012.06.21"]
[EventType "swiss"]
[EventRounds "9"]
[EventCountry "ESP"]
[Source "lmi"]
[SourceDate "2012.06.21"]

1. e4 c5 2. Nf3 Nc6 3. d4 cxd4 4. Nxd4 g6 5. Nc3 Bg7 6. Be3 Nf6 7. Bc4 O-O 8.
Bb3 Nxd4 9. Bxd4 d6 10. O-O a5 11. a4 Bd7 12. Nd5 Nxd5 13. exd5 b5 14. Bxg7
Kxg7 15. Qd4+ Kg8 16. Rfe1 bxa4 17. Bxa4 Bxa4 18. Rxa4 Qd7 19. Rea1 Rfc8 20.
Rxa5 Rxa5 21. Rxa5 Rxc2 22. Ra8+ Rc8 23. Rxc8+ Qxc8 24. h3 Qb8 25. b4 Qb5 26.
Kh2 h5 27. f4 Qe2 28. f5 gxf5 29. Qf4 e5 30. Qxf5 Qc4 31. Qg5+ Kf8 32. Qd8+ Kg7
33. Qg5+ Kf8 34. Qd8+ Kg7 35. Qxd6 Qf4+ 36. Kg1 Qe3+ 37. Kf1 Qd3+ 1/2-1/2

[Event "4. Open Ciudad de Tres Cantos 2012"]
[Site "Tres Cantos ESP"]
[Date "2012.06.22"]
[Round "2.7"]
[White "Campos Palacios, Daniel"]
[Black "Galan Fernandez, Felix"]
[Result "1/2-1/2"]
[WhiteElo "1896"]
[BlackElo "2085"]
[PlyCount "37"]
[EventDate "2012.06.21"]
[EventType "swiss"]
[EventRounds "9"]
[EventCountry "ESP"]
[Source "lmi"]
[SourceDate "2012.06.21"]

1. e4 e6 2. d4 d5 3. Nc3 Be7 4. Nf3 Nf6 5. Bd3 dxe4 6. Nxe4 Nbd7 7. c3 O-O 8.
O-O Nxe4 9. Bxe4 Nf6 10. Bc2 c5 11. Bg5 cxd4 12. Qxd4 Qxd4 13. cxd4 Rd8 14.
Rfe1 Nd5 15. Bxe7 Nxe7 16. Rad1 Bd7 17. Be4 Bc6 18. Bxc6 bxc6 19. Kf1 1/2-1/2

[Event "4. Open Ciudad de Tres Cantos 2012"]
[Site "Tres Cantos ESP"]
[Date "2012.06.22"]
[Round "2.8"]
[White "Aguado Solana, Juan"]
[Black "Fernandez Garcia, Ignacio"]
[Result "1-0"]
[WhiteElo "2083"]
[BlackElo "1870"]
[PlyCount "75"]
[EventDate "2012.06.21"]
[EventType "swiss"]
[EventRounds "9"]
[EventCountry "ESP"]
[Source "lmi"]
[SourceDate "2012.06.21"]

1. e4 e6 2. d4 d5 3. e5 c5 4. c3 Nc6 5. Nf3 a6 6. Be2 Be7 7. O-O b5 8. dxc5
Bxc5 9. b4 Be7 10. a4 bxa4 11. Rxa4 Bd7 12. Rxa6 Rxa6 13. Bxa6 f6 14. Bf4 f5
15. Nbd2 h5 16. h4 Nh6 17. Bg5 Nf7 18. Bxe7 Qxe7 19. Qe2 O-O 20. Nb3 Rb8 21.
Nc5 Be8 22. Nd3 Rb6 23. Ra1 Nb8 24. Nc5 Nc6 25. Bc8 Ncd8 26. Nd4 Qxh4 27. Ncxe6
Nxe6 28. Bxe6 g6 29. Ra8 Qe7 30. Bxd5 Kh7 31. Qa2 Nxe5 32. Qe2 Rd6 33. Bb3 Bc6
34. Nxc6 Rxc6 35. Qe3 Rc7 36. Rh8+ Kg7 37. Qh6+ Kf6 38. Rf8+ 1-0

[Event "4. Open Ciudad de Tres Cantos 2012"]
[Site "Tres Cantos ESP"]
[Date "2012.06.22"]
[Round "2.9"]
[White "Camarero Izquierdo, Juan Carlos"]
[Black "Ledo Galan, Jose Emilio"]
[Result "0-1"]
[WhiteElo "1890"]
[BlackElo "2079"]
[PlyCount "106"]
[EventDate "2012.06.21"]
[EventType "swiss"]
[EventRounds "9"]
[EventCountry "ESP"]
[Source "lmi"]
[SourceDate "2012.06.21"]

1. d4 Nf6 2. Nc3 d5 3. Bg5 e6 4. e4 dxe4 5. Nxe4 Be7 6. Bxf6 Bxf6 7. Nf3 O-O 8.
Qd3 Nc6 9. O-O-O Nb4 10. Qd2 a5 11. Kb1 Be7 12. h4 Nxa2 13. Nfg5 Nb4 14. Bc4 c6
15. c3 b5 16. Bb3 a4 17. cxb4 axb3 18. Qd3 f5 19. Nc5 Bxc5 20. bxc5 Qd5 21.
Rhe1 Ra4 22. Re3 h6 23. Nf3 f4 24. Re5 Qc4 25. Qe4 Bd7 26. Ng5 hxg5 27. Rxg5
Qc2+ 28. Qxc2 bxc2+ 29. Kxc2 Be8 30. h5 Rf5 31. Rxf5 exf5 32. Re1 Bxh5 33. Re6
Rxd4 34. Rxc6 f3 35. g3 Re4 36. Kd3 Re2 37. Rb6 Rxf2 38. c6 f4 39. gxf4 Rxb2
40. Rb8+ Kh7 41. c7 f2 42. Rh8+ Kxh8 43. c8=Q+ Kh7 44. Qc1 f1=Q+ 45. Qxf1 Be2+
46. Qxe2 Rxe2 47. Kxe2 Kg6 48. Kd3 Kf5 49. Kd4 Kxf4 50. Kc5 g5 51. Kxb5 g4 52.
Kc4 Kf3 53. Kd3 g3 0-1

[Event "4. Open Ciudad de Tres Cantos 2012"]
[Site "Tres Cantos ESP"]
[Date "2012.06.22"]
[Round "2.10"]
[White "Lopez De Turiso, Jose Angel"]
[Black "Galan Aguado, Fernando"]
[Result "1-0"]
[WhiteElo "2044"]
[BlackElo "1839"]
[PlyCount "39"]
[EventDate "2012.06.21"]
[EventType "swiss"]
[EventRounds "9"]
[EventCountry "ESP"]
[Source "lmi"]
[SourceDate "2012.06.21"]

1. d4 e6 2. c4 Nf6 3. Nc3 d6 4. e4 Nc6 5. f4 g6 6. e5 dxe5 7. fxe5 Nh5 8. Be3
Ng7 9. Nf3 Nf5 10. Bg5 Be7 11. Bxe7 Ncxe7 12. Qd2 b6 13. g4 Ng7 14. Bg2 Bb7 15.
O-O Bxf3 16. Rxf3 c6 17. Raf1 O-O 18. Ne4 Ne8 19. Nf6+ Kg7 20. Nxh7 1-0

[Event "4. Open Ciudad de Tres Cantos 2012"]
[Site "Tres Cantos ESP"]
[Date "2012.06.22"]
[Round "2.11"]
[White "Cano Cabanillas, Javier"]
[Black "Gonzalez Mateo, Jose Luis"]
[Result "1-0"]
[WhiteElo "2024"]
[BlackElo "1827"]
[PlyCount "95"]
[EventDate "2012.06.21"]
[EventType "swiss"]
[EventRounds "9"]
[EventCountry "ESP"]
[Source "lmi"]
[SourceDate "2012.06.21"]

1. e4 c5 2. Na3 g6 3. g3 Bg7 4. c3 Nc6 5. Bg2 Nf6 6. f4 d5 7. e5 Ng4 8. Qb3 c4
9. Qb5 e6 10. Ne2 Bd7 11. Qc5 Bf8 12. Qg1 Qa5 13. Nc2 Bc5 14. Ned4 Nxd4 15.
Nxd4 Qb6 16. h3 Nh6 17. g4 Bxd4 18. cxd4 Ba4 19. Qe3 Ng8 20. b3 cxb3 21. axb3
Bb5 22. f5 Ne7 23. Ba3 gxf5 24. Bxe7 Kxe7 25. gxf5 Rhg8 26. Bf3 Rg3 27. Kf2
Rag8 28. Rag1 Rxg1 29. Rxg1 Rxg1 30. Kxg1 Qa6 31. Kh2 Bd3 32. fxe6 Kxe6 33.
Qh6+ Ke7 34. Qg5+ Ke8 35. Bxd5 Bg6 36. Bc4 Qc6 37. e6 Qd6+ 38. Qe5 Qxe5+ 39.
dxe5 fxe6 40. Bxe6 Ke7 41. Bc4 Bf7 42. Bxf7 Kxf7 43. Kg2 Ke6 44. d4 a5 45. Kf2
b5 46. Ke3 a4 47. bxa4 bxa4 48. Kd3 1-0

[Event "4. Open Ciudad de Tres Cantos 2012"]
[Site "Tres Cantos ESP"]
[Date "2012.06.22"]
[Round "2.12"]
[White "De La Orden Alcocer, Alejandro"]
[Black "Guerrero Villanueva, David"]
[Result "1-0"]
[WhiteElo "1839"]
[BlackElo "2021"]
[PlyCount "91"]
[EventDate "2012.06.21"]
[EventType "swiss"]
[EventRounds "9"]
[EventCountry "ESP"]
[Source "lmi"]
[SourceDate "2012.06.21"]

1. c4 e6 2. g3 d5 3. Bg2 c6 4. Nf3 Nf6 5. b3 Bd6 6. Bb2 Nbd7 7. d4 O-O 8. O-O
Ne4 9. Nc3 f5 10. e3 a6 11. c5 Bc7 12. Na4 Qe7 13. Rc1 e5 14. b4 f4 15. dxe5
fxe3 16. fxe3 Bxe5 17. Nxe5 Rxf1+ 18. Qxf1 Nxe5 19. Bxe5 Qxe5 20. Nb6 Rb8 21.
Qf4 Qxf4 22. exf4 Bf5 23. Bxe4 Bxe4 24. Rd1 Rd8 25. Kf2 Kf7 26. Rd2 Ke6 27. Nc4
Rf8 28. Nd6 Rb8 29. Ke3 Bg6 30. g4 Be8 31. Kd4 b5 32. Re2+ Kd7 33. f5 g5 34.
Re6 h5 35. h3 hxg4 36. hxg4 Ra8 37. Ke5 Bh5 38. Kf6 Rf8+ 39. Kxg5 Bf7 40. Nxf7
Rxf7 41. Rd6+ Kc7 42. f6 Rf8 43. Kf5 Rh8 44. f7 Rh2 45. Kg6 Rf2 46. Kg7 1-0

[Event "4. Open Ciudad de Tres Cantos 2012"]
[Site "Tres Cantos ESP"]
[Date "2012.06.22"]
[Round "2.13"]
[White "Erice Alonso, Santiago"]
[Black "Barroso Barroso, Jorge"]
[Result "1/2-1/2"]
[WhiteElo "2010"]
[BlackElo "1812"]
[PlyCount "98"]
[EventDate "2012.06.21"]
[EventType "swiss"]
[EventRounds "9"]
[EventCountry "ESP"]
[Source "lmi"]
[SourceDate "2012.06.21"]

1. c4 e6 2. Nc3 d5 3. cxd5 exd5 4. d4 Nf6 5. Bg5 Be7 6. Qc2 c6 7. e3 Nbd7 8.
Bd3 O-O 9. Nf3 h6 10. Bh4 Re8 11. O-O Nb6 12. Rab1 a6 13. Nd2 Be6 14. Na4 Nxa4
15. Qxa4 Qd7 16. b4 Bf5 17. Bxf5 Qxf5 18. Bxf6 Qxf6 19. Qc2 Bd6 20. Rfc1 Qh4
21. Nf3 Qh5 22. Qd1 g5 23. g3 f5 24. Nd2 Qxd1+ 25. Rxd1 f4 26. Nf1 fxe3 27.
Nxe3 Re4 28. a4 Bf8 29. b5 axb5 30. axb5 Ra4 31. bxc6 bxc6 32. Nf5 Kf7 33. Rd2
Kf6 34. f3 Re8 35. g4 Ra3 36. Kg2 Rea8 37. Rc2 Ra2 38. Rbb2 Rxb2 39. Rxb2 Rc8
40. Rb6 Ke6 41. h4 Kd7 42. hxg5 hxg5 43. Ra6 Bd6 44. Ra7+ Rc7 45. Ra8 Bf4 46.
Rg8 c5 47. Rg7+ Kc6 48. Rxc7+ Bxc7 49. Ne7+ Kd6 1/2-1/2

[Event "4. Open Ciudad de Tres Cantos 2012"]
[Site "Tres Cantos ESP"]
[Date "2012.06.22"]
[Round "2.14"]
[White "Bartolome Chicharro, Jesus"]
[Black "Ruiz Sanchez, Roberto"]
[Result "1/2-1/2"]
[WhiteElo "1807"]
[BlackElo "2005"]
[PlyCount "32"]
[EventDate "2012.06.21"]
[EventType "swiss"]
[EventRounds "9"]
[EventCountry "ESP"]
[Source "lmi"]
[SourceDate "2012.06.21"]

1. e3 d5 2. b3 Nf6 3. Bb2 e6 4. f4 c5 5. Nf3 Nc6 6. Bb5 Bd7 7. Bxc6 Bxc6 8. O-O
Be7 9. Ne5 Rc8 10. d3 O-O 11. Nd2 b5 12. Nxc6 Rxc6 13. Nf3 Nd7 14. e4 dxe4 15.
dxe4 Nf6 16. Qe2 Rc7 1/2-1/2

[Event "4. Open Ciudad de Tres Cantos 2012"]
[Site "Tres Cantos ESP"]
[Date "2012.06.22"]
[Round "2.15"]
[White "Lopez Moll, Jose Manuel"]
[Black "Sebastian Enesco, Alex"]
[Result "1-0"]
[WhiteElo "1996"]
[BlackElo "1806"]
[PlyCount "73"]
[EventDate "2012.06.21"]
[EventType "swiss"]
[EventRounds "9"]
[EventCountry "ESP"]
[Source "lmi"]
[SourceDate "2012.06.21"]

1. e4 Nf6 2. Nc3 e5 3. Nf3 Bc5 4. Bc4 d6 5. h3 Nc6 6. a3 Bd4 7. d3 Be6 8. Nd5
Bxd5 9. exd5 Ne7 10. c3 Bb6 11. Bb5+ c6 12. dxc6 bxc6 13. Ba4 O-O 14. O-O Qc7
15. Bg5 Kh8 16. Re1 Ng6 17. Bxf6 gxf6 18. d4 Rg8 19. Bc2 Nf4 20. Nh4 Nxh3+ 21.
Kf1 Nf4 22. g3 Qd7 23. Bf5 Qb7 24. gxf4 c5 25. d5 exf4 26. Bxh7 Rg5 27. Be4 c4
28. Qf3 Qd7 29. Qxf4 Qh3+ 30. Ke2 Re5 31. Qxf6+ Kg8 32. Rg1+ Kf8 33. Qxd6+ Re7
34. Rg8+ Kxg8 35. Qxe7 Qh2 36. Bh7+ Kg7 37. Nf5+ 1-0